Normal view
MARC view
- MS-Management and Human Resource
Entry Topical Term
001 - CONTROL NUMBER
- control field: 122991
003 - CONTROL NUMBER IDENTIFIER
- control field: NUST
005 - DATE AND TIME OF LATEST TRANSACTION
- control field: 20240528160435.0
008 - FIXED-LENGTH DATA ELEMENTS
- fixed length control field: 240528|| aca||aabn | a|a d
040 ## - CATALOGING SOURCE
- Original cataloging agency: NUST
- Transcribing agency: NUST
150 ## - HEADING--TOPICAL TERM
- Topical term or geographic name entry element: MS-Management and Human Resource
670 ## - SOURCE DATA FOUND
- Source citation: Work cat.: (NUST): Azhar, Mahnoor 122990, Cultural Adjustment of Expatriates’ Spouses and Organization Contribution in Pakistan/
